000 00814cam a22001931 4500
082 _a624.18341
_bKUM
_cL-19, P-44
100 0 _aSushil Kumar
_936402
245 1 0 _aTreasure of R.C.C. designs :
_ba practical guide in engineering technique for students preparing for A. M. I. E. (India) and degree/diploma examinations conducted by the Indian universities /
_cby Sushil Kumar.
260 _aDelhi,
_bStandard Book Depot,
_c1963/64.
300 _aviii, 432 p.
_bdiagrs. tables.
_c23 cm.
526 _a0
_b0
_c0
_d624_183410000000000_KUM
526 _a0
_b0
_c0
_d624_183410000000000_KUM
526 _a0
_b0
_c0
_d624_183410000000000_KUM
526 _a0
_b0
_c0
_d624_183410000000000_KUM
526 _a0
_b0
_c0
_d624_183410000000000_KUM
650 0 _aMCE
_9379
650 0 _aReinforced concrete construction.
942 _2ddc
_cBK
999 _c547016
_d547016